00630pam a2200217 i 4500001000800000005001700008008004100025010001700066020001500083040001800098041000800116080001300124082001300137100000700150101000800157245006100165906004500226942001200271999001700283952011200300267889020180308034405.0740926s1975 nyua 001 0 eng  a 74022187  a0471095303 aDLCcDLCdDLC aeng a540 JAM00a540 JAM1 a12 aKIM10aGeneral chemistry :cJames E. Brady, Gerard E. Humiston. a7bcbccorignewd1eocipf19gy-gencatlg 2ddccBK c44387d44387 00102udc40708PËKGa002b002cPËKGd2018-03-08l0o540 JAMp002-3001314r2018-03-08w2018-03-08yBK